000 00280nam a22000977a 4500
082 _a338.954IND.
245 _aIndia, planning commission, the third plan progress report 1963-65.
260 _aDar es salaam.
_bHigh Commission of India.
_c1967.
300 _a186p.
_b23cm.
942 _cBK
999 _c13953
_d13953